| 000 | 00853nam a22002657a 4500 | ||
|---|---|---|---|
| 001 | 2872 | ||
| 003 | FISKH | ||
| 005 | 20240119133236.0 | ||
| 008 | 240119b cb ||||| |||| 00| 0 eng d | ||
| 020 | _a9780545207249 | ||
| 040 |
_beng _cFISKH _dFISKH _eFISKH |
||
| 050 | _aQL544.B48 | ||
| 082 | _a595.789 | ||
| 100 | _aBishop, Nic | ||
| 245 |
_aButterflies and moths / _cBy Bishop, Nic |
||
| 250 | _aFirst Scholastic paperback printing, March 2010 | ||
| 260 |
_aNew York : _bScholastic , _c2009 |
||
| 300 |
_a48 pages ; _bcolor illustrations ; _c29 cm . |
||
| 505 | _aX | ||
| 520 | _aSimple, engaging text presents both basic information and fun, quirky facts about the insects' appearance, habits, and life cycle. | ||
| 521 | 8 |
_a890
_bLexile |
|
| 521 | 8 |
_aX
_bRaz-Plus |
|
| 600 |
_2butterflies _vnon-fiction |
||
| 942 |
_2ddc _cBK _n0 |
||
| 999 |
_c2872 _d2872 |
||